| 000 | 00628nam a2200169 4500 | ||
|---|---|---|---|
| 008 | 160104b xxu||||| |||| 00| 0 eng d | ||
| 020 | _a9780120885916 | ||
| 082 |
_22009 _aDC 363.25 _bF53 |
||
| 100 |
_91346 _aFisher, Barry A. J. |
||
| 245 |
_aIntroduction to criminalsitics: _bthe foundation of forensic science/ _cBarry A. J. Fisher, William J. Tilstone and Catherine Woytowics. |
||
| 260 |
_aAmsterdam: _bElsevier Inc., _c2009. |
||
| 300 |
_axi, 321 pages: _billustrations; _c24 cm. |
||
| 500 | _aIncludes appendix and index. | ||
| 650 | 0 |
_91347 _aCriminal investigation. |
|
| 700 |
_91349 _aWoytowicz, Catherine. |
||
| 942 |
_2ddc _cDC |
||
| 999 |
_c516 _d516 |
||